Go to bed!

Bibliographic Details
Main Author: Morrow, Jan
Format: Book
Published: Petaling Jaya : Longman , 1992
Series:Magic box series
Subjects:

MARC

LEADER 00000cam a2200000 7i4500
001 0000001727
002 000001881
005 20000330.0
020 |a 967976804X 
090 0 0 |a JF   |b MOR 
100 1 |a Morrow, Jan 
245 1 0 |a Go to bed!   |c Jan Morrow 
260 |a Petaling Jaya :   |b Longman ,   |c 1992 
300 |a 14p. :   |b ill. ;   |c 21cm. 
490 0 |a Magic box series 
650 0 0 |a Children's stories 
999 |a 034340   |b BUKU   |c PINJAMAN   |e PERPUSTAKAAN KOMUNITI PETALING JAYA